[Event "Politiken Cup 36th"]
[Site "Helsingor"]
[Date "2014.07.25"]
[Round "6"]
[White "Haug, Johannes"]
[Black "Roser, Kevin"]
[Result "1/2-1/2"]
[WhiteElo "2136"]
[BlackElo "2406"]
[PlyCount "120"]
[EventDate "2014.07.21"]
[EventType "swiss"]
[EventRounds "10"]
[EventCountry "DEN"]
[SourceTitle "CBM 161 Extra"]
[Source "ChessBase"]
[SourceDate "2014.08.29"]
[SourceVersion "1"]
[SourceVersionDate "2014.08.29"]
[SourceQuality "1"]

1. e4 c5 2. Nf3 Nc6 3. Bb5 e6 4. 0-0 Nge7 5. Re1 a6 6. Bf1 d5 7. exd5 Nxd5 8. d4 Nf6 9. Be3 Be7 10. c4 0-0 11. Nc3 cxd4 12. Nxd4 Ne5 13. h3 Bd7 14. c5 Ng6 15. b4 Qc7 16. Qc2 Rfd8 17. Nb3 Nf4 18. a4 N4d5 19. Nxd5 Nxd5 20. Bd2 Rdc8 21. Bc4 Nb6 22. cxb6 Qxc4 23. Qxc4 Rxc4 24. Na5 Rc2 25. Red1 Bf6 26. Ra3 Bd4 27. Nxb7 Bxb6 28. a5 Ba7 29. Nc5 Bxc5 30. bxc5 Rxc5 31. Be3 Rd5 32. Rxd5 exd5 33. Rc3 Bb5 34. Rc5 Bc4 35. Rc7 h5 36. Rd7 Rb8 37. Bb6 f6 38. Rd8+ Rxd8 39. Bxd8 Kf7 40. f4 Ke6 41. h4 Kf5 42. g3 Ke4 43. Kf2 Kd3 44. Bb6 Bb5 45. Ba7 Bd7 46. Bb6 Bg4 47. Ba7 d4 48. Bb6 Kc3 49. Ke1 Kd3 50. Kf2 Kc4 51. Ba7 Kb4 52. Bb6 Kc4 53. Ba7 Kb5 54. Bb6 Kb4 55. Ke1 Be6 56. Kf2 d3 57. Ke1 Kc3 58. Be3 d2+ 59. Bxd2+ Kd3 60. Bc1 Bc4 1/2-1/2

[Event "Politiken Cup 36th"]
[Site "Helsingor"]
[Date "2014.07.22"]
[Round "3"]
[White "Roser, Kevin"]
[Black "Skou, Niels"]
[Result "1-0"]
[WhiteElo "2406"]
[BlackElo "2141"]
[PlyCount "55"]
[EventDate "2014.07.21"]
[EventType "swiss"]
[EventRounds "10"]
[EventCountry "DEN"]
[SourceTitle "CBM 161 Extra"]
[Source "ChessBase"]
[SourceDate "2014.08.29"]
[SourceVersion "1"]
[SourceVersionDate "2014.08.29"]
[SourceQuality "1"]

1. e4 d5 2. exd5 Nf6 3. Nf3 Nxd5 4. d4 g6 5. c4 Nb6 6. Nc3 Bg7 7. c5 Nd5 8. Bc4 c6 9. 0-0 0-0 10. Re1 Bg4 11. Bg5 h6 12. Bh4 g5 13. Bg3 b6 14. Qb3 Nxc3 15. bxc3 b5 16. Bd3 Nd7 17. Bb1 Bh5 18. a4 bxa4 19. Qxa4 f5 20. Ne5 f4 21. Nxc6 fxg3 22. hxg3 Qc7 23. Nxe7+ Kh8 24. Nd5 Qb7 25. c6 Qb2 26. Ra2 Nb6 27. Qa6 Be2 28. Qb7 1-0

[Event "Cappelle op 30th"]
[Site "Cappelle la Grande"]
[Date "2014.03.06"]
[Round "7"]
[White "Roser, Kevin"]
[Black "Kromhout, Ewan"]
[Result "0-1"]
[WhiteElo "2422"]
[BlackElo "2074"]
[PlyCount "124"]
[EventDate "2014.03.01"]
[EventType "swiss"]
[EventRounds "9"]
[EventCountry "FRA"]
[SourceTitle "CBM 159 Extra"]
[Source "ChessBase"]
[SourceDate "2014.04.24"]
[SourceVersion "1"]
[SourceVersionDate "2014.04.24"]
[SourceQuality "1"]

1. e4 c5 2. Nf3 e6 3. d4 cxd4 4. Nxd4 a6 5. Bd3 Bc5 6. Nb3 Ba7 7. Qg4 Nf6 8. Qg3 d6 9. Nc3 Nc6 10. Bg5 Ne5 11. Be2 h6 12. Be3 Bxe3 13. Qxe3 Qc7 14. f4 Ng6 15. 0-0-0 Bd7 16. g4 e5 17. f5 Nf4 18. h4 Bc6 19. g5 Nd7 20. Bf3 0-0-0 21. Kb1 Kb8 22. Nc1 Qb6 23. Qd2 Nc5 24. N1e2 Nxe2 25. Qxe2 a5 26. Bh5 Qc7 27. a3 a4 28. Qc4 Rd7 29. Bg4 f6 30. gxf6 gxf6 31. Bh5 Qa5 32. Bf3 b5 33. Qb4 Qxb4 34. axb4 Na6 35. Rhg1 Kc7 36. Rg6 Rf7 37. Be2 Rb8 38. Rxh6 Nxb4 39. Bh5 Rff8 40. Rh7+ Kb6 41. Rxd6 Kc5 42. Re6 Rh8 43. Ree7 Kd4 44. Bg6 Rxh7 45. Rxh7 Rd8 46. h5 Bxe4 47. h6 Bxc2+ 48. Kc1 Bb3 49. Re7 a3 50. Re8 Rxe8 51. Bxe8 a2 52. Nxa2 Nxa2+ 53. Kb1 Bg8 54. Bf7 Bh7 55. Bg6 e4 56. Bxh7 e3 57. Kxa2 e2 58. Bg6 e1Q 59. h7 Qh1 60. Kb3 Kc5 61. Kc3 Qh3+ 62. Kc2 b4 0-1

[Event "Cappelle op 30th"]
[Site "Cappelle la Grande"]
[Date "2014.03.05"]
[Round "6"]
[White "Negi, Parimarjan"]
[Black "Roser, Kevin"]
[Result "1-0"]
[WhiteElo "2638"]
[BlackElo "2422"]
[PlyCount "127"]
[EventDate "2014.03.01"]
[EventType "swiss"]
[EventRounds "9"]
[EventCountry "FRA"]
[SourceTitle "CBM 159 Extra"]
[Source "ChessBase"]
[SourceDate "2014.04.24"]
[SourceVersion "1"]
[SourceVersionDate "2014.04.24"]
[SourceQuality "1"]

1. e4 c5 2. Nf3 Nc6 3. Nc3 e6 4. d4 cxd4 5. Nxd4 Qc7 6. Be3 Nf6 7. f4 Nxd4 8. Qxd4 b6 9. Be2 Bc5 10. Qd3 Ba6 11. Qxa6 Bxe3 12. g3 e5 13. Qd3 exf4 14. Nb5 Qe5 15. Nd6+ Ke7 16. Nf5+ Kf8 17. Nxe3 fxe3 18. 0-0-0 Re8 19. Bf3 g6 20. Qxe3 Kg7 21. Qd4 Re6 22. Qxe5 Rxe5 23. Rd4 Rhe8 24. Rhd1 h5 25. Ra4 a5 26. Rd6 R8e6 27. Rxe6 Rxe6 28. Kd2 g5 29. Rd4 g4 30. Bg2 Kf8 31. a4 Ke7 32. Ke3 Re5 33. Kf4 d6 34. h3 gxh3 35. Bxh3 Rc5 36. c3 Nd7 37. Bf1 Ne5 38. Rd2 Ng6+ 39. Kf3 Ne5+ 40. Ke3 Ng4+ 41. Kf4 Nf6 42. Bb5 Ke6 43. Rd4 Ng4 44. Be2 Nf6 45. Rc4 Re5 46. Bf1 Rc5 47. Rxc5 bxc5 48. Bc4+ d5 49. exd5+ Nxd5+ 50. Kg5 Ke5 51. Kxh5 Ne3 52. Bxf7 Nd1 53. g4 Kf6 54. Bb3 Nxb2 55. Kh6 c4 56. Bc2 Nd3 57. g5+ Kf7 58. Kh7 Ne5 59. g6+ Ke7 60. g7 Ng4 61. g8Q Nf6+ 62. Kg7 Nxg8 63. Kxg8 Kf6 64. Bd1 1-0

[Event "Cappelle op 30th"]
[Site "Cappelle la Grande"]
[Date "2014.03.03"]
[Round "3"]
[White "Roser, Kevin"]
[Black "Grochal, Joey"]
[Result "1/2-1/2"]
[WhiteElo "2422"]
[BlackElo "2176"]
[PlyCount "51"]
[EventDate "2014.03.01"]
[EventType "swiss"]
[EventRounds "9"]
[EventCountry "FRA"]
[SourceTitle "CBM 159 Extra"]
[Source "ChessBase"]
[SourceDate "2014.04.24"]
[SourceVersion "1"]
[SourceVersionDate "2014.04.24"]
[SourceQuality "1"]

1. e4 c5 2. Nf3 e6 3. d4 cxd4 4. Nxd4 Nc6 5. Nc3 Qc7 6. Be3 Nf6 7. Be2 a6 8. a3 Be7 9. f4 d6 10. g4 b5 11. g5 Nd7 12. 0-0 Bb7 13. f5 Nxd4 14. Qxd4 Ne5 15. Rad1 Bc6 16. Rf2 g6 17. f6 Bf8 18. a4 Qb7 19. axb5 axb5 20. Qb4 Nd7 21. Nxb5 Nc5 22. Bxc5 dxc5 23. Qb3 Rb8 24. c4 h6 25. Bg4 Bxb5 26. Qxb5+ 1/2-1/2

[Event "Cappelle op 30th"]
[Site "Cappelle la Grande"]
[Date "2014.03.02"]
[Round "2"]
[White "Lopez, Jasel"]
[Black "Roser, Kevin"]
[Result "1/2-1/2"]
[WhiteElo "2202"]
[BlackElo "2422"]
[PlyCount "45"]
[EventDate "2014.03.01"]
[EventType "swiss"]
[EventRounds "9"]
[EventCountry "FRA"]
[SourceTitle "CBM 159 Extra"]
[Source "ChessBase"]
[SourceDate "2014.04.24"]
[SourceVersion "1"]
[SourceVersionDate "2014.04.24"]
[SourceQuality "1"]

1. d4 Nf6 2. c4 e6 3. Nc3 Bb4 4. e3 0-0 5. Nge2 d5 6. cxd5 exd5 7. g3 Re8 8. Bg2 Bf8 9. 0-0 Na6 10. Nf4 c6 11. f3 Nc7 12. g4 h6 13. h3 c5 14. Nd3 Ne6 15. Ne5 Qb6 16. f4 cxd4 17. Na4 Qc7 18. exd4 Bd7 19. Be3 Rac8 20. Nc3 Bc6 21. g5 Nd7 22. Nxd5 Qd6 23. Nc4 1/2-1/2

[Event "FRA-ch Accession"]
[Site "Nancy"]
[Date "2013.08.21"]
[Round "9"]
[White "Chabanon, Jean Luc"]
[Black "Roser, Kevin"]
[Result "1/2-1/2"]
[WhiteElo "2473"]
[BlackElo "2413"]
[PlyCount "80"]
[EventDate "2013.08.11"]
[EventType "swiss"]
[EventRounds "11"]
[EventCountry "FRA"]
[SourceTitle "CBM 156 Extra"]
[Source "ChessBase"]
[SourceDate "2013.10.22"]
[SourceVersion "1"]
[SourceVersionDate "2013.10.22"]
[SourceQuality "1"]

1. d4 Nf6 2. Nf3 e6 3. g3 b5 4. Bg2 Bb7 5. 0-0 c5 6. c3 Na6 7. Bg5 Be7 8. Nbd2 0-0 9. e3 h6 10. Bxf6 Bxf6 11. Qe2 Rb8 12. Qxb5 Bxf3 13. Qxa6 Bxg2 14. Kxg2 Rxb2 15. Nc4 Qa8+ 16. Kg1 Rc2 17. Rac1 Rxc1 18. Rxc1 Qc8 19. Qxc8 Rxc8 20. Nd6 Rc6 21. Ne4 cxd4 22. Nxf6+ gxf6 23. exd4 d5 24. Kf1 e5 25. Rd1 Rxc3 26. dxe5 fxe5 27. Rxd5 Ra3 28. Rxe5 Rxa2 29. g4 Kg7 30. Kg2 Ra4 31. Kg3 Ra3+ 32. f3 a5 33. Rc5 a4 34. Ra5 Ra1 35. Ra6 Rg1+ 36. Kf2 Ra1 37. h4 a3 38. Kg3 a2 39. Kf4 Rh1 40. Rxa2 Rxh4 1/2-1/2